| 000 | 00991nmc a2200385 a 4500 | ||
|---|---|---|---|
| 003 | AR-BaBNM | ||
| 005 | 20251128205416.0 | ||
| 008 | 077119s1975 ||||||||||||||000 | spa|| | ||
| 020 | _a84-297-0632-1 | ||
| 040 | _cAR-BaBNM | ||
| 100 | 1 | _aDeutscher, Isaac | |
| 245 | 1 | 0 | _aIronías de la historia |
| 260 |
_aMadrid _bEdiciones Península _c1975 |
||
| 300 | 0 | _a311 p. | |
| 490 | 0 |
_aHistoria, ciencia, sociedad _vv. 49 |
|
| 600 | 1 | 4 |
_aLenin, Vladimir Ilich _d1870-1924 |
| 600 | 1 | 4 |
_aTrotsky, Leon _d1879-1940 |
| 600 | 0 | 4 | _aStalin |
| 600 | 0 | 4 | _aKhrushchev |
| 600 | 0 | 4 | _aMao |
| 650 | 4 | _aHISTORIA EUROPEA | |
| 650 | 4 | _aHISTORIA MILITAR | |
| 650 | 4 | _aIMPERIALISMO | |
| 650 | 4 | _aCRISIS ECONOMICA | |
| 650 | 4 | _aNACIONALISMO | |
| 650 | 4 | _aCONFLICTO SOCIAL | |
| 650 | 4 | _aMOVIMIENTO OBRERO | |
| 650 | 4 | _aGUERRA FRIA | |
| 650 | 4 | _aGUERRA | |
| 651 | 4 | _aChina | |
| 653 | _aREVOLUCION RUSA | ||
| 700 | 1 |
_aCapella, Juan Ramón _etraductor |
|
| 942 | _cBK | ||
| 998 | _cmariana | ||
| 999 |
_c11317 _d11317 |
||